Monkeyluv : (Record no. 1330)

000 -LEADER
fixed length control field 01697nam a22004457a 4500
001 - CONTROL NUMBER
control field 13857944
003 - CONTROL NUMBER IDENTIFIER
control field OSt
005 - DATE AND TIME OF LATEST TRANSACTION
control field 20210426083625.0
008 - FIXED-LENGTH DATA ELEMENTS--GENERAL INFORMATION
fixed length control field 050201s2005 nyu b 000 0 eng
010 ## - LIBRARY OF CONGRESS CONTROL NUMBER
LC control number 2005042534
020 ## - INTERNATIONAL STANDARD BOOK NUMBER
International Standard Book Number 0743260155
020 ## - INTERNATIONAL STANDARD BOOK NUMBER
International Standard Book Number 9780743260152
020 ## - INTERNATIONAL STANDARD BOOK NUMBER
International Standard Book Number 9780743260169
020 ## - INTERNATIONAL STANDARD BOOK NUMBER
International Standard Book Number 0743260163
040 ## - CATALOGING SOURCE
Original cataloging agency DLC
Transcribing agency DLC
Modifying agency DLC
Language of cataloging eng
041 ## - LANGUAGE CODE
Language code of text/sound track or separate title eng
042 ## - AUTHENTICATION CODE
Authentication code pcc
050 00 - LIBRARY OF CONGRESS CALL NUMBER
Classification number QP38
Item number .S275 2005
080 ## - UNIVERSAL DECIMAL CLASSIFICATION NUMBER
Universal Decimal Classification number 15
Item number S-21
082 00 - DEWEY DECIMAL CLASSIFICATION NUMBER
Classification number 612
Edition number 22
100 1# - MAIN ENTRY--PERSONAL NAME
Personal name Sapolsky, Robert M.
245 10 - TITLE STATEMENT
Title Monkeyluv :
Remainder of title and other essays on our lives as animals /
Statement of responsibility, etc. / by: Scribner
260 ## - PUBLICATION, DISTRIBUTION, ETC.
Place of publication, distribution, etc. New York
Name of publisher, distributor, etc. Scribner
Date of publication, distribution, etc. 2005.
300 ## - PHYSICAL DESCRIPTION
Extent xi, 209 p.
Dimensions 23 cm.
365 ## - TRADE PRICE
Price amount 15 usd
504 ## - BIBLIOGRAPHY, ETC. NOTE
Bibliography, etc. note Includes bibliographical references.
650 #0 - SUBJECT ADDED ENTRY--TOPICAL TERM
Topical term or geographic name entry element Human biology
Form subdivision Popular works.
650 #0 - SUBJECT ADDED ENTRY--TOPICAL TERM
Topical term or geographic name entry element Psychology
9 (RLIN) 134
650 #0 - SUBJECT ADDED ENTRY--TOPICAL TERM
Topical term or geographic name entry element Genetic psychology
Form subdivision Popular works.
650 #0 - SUBJECT ADDED ENTRY--TOPICAL TERM
Topical term or geographic name entry element Sociobiology
Form subdivision Popular works.
650 #0 - SUBJECT ADDED ENTRY--TOPICAL TERM
Topical term or geographic name entry element Nature and nurture
Form subdivision Popular works.
653 ## - INDEX TERM--UNCONTROLLED
Uncontrolled term ფსიქოლოგია
856 42 - ELECTRONIC LOCATION AND ACCESS
Materials specified Publisher description
Uniform Resource Identifier <a href="http://www.loc.gov/catdir/enhancements/fy0631/2005042534-d.html">http://www.loc.gov/catdir/enhancements/fy0631/2005042534-d.html</a>
856 41 - ELECTRONIC LOCATION AND ACCESS
Materials specified Table of contents only
Uniform Resource Identifier <a href="http://www.loc.gov/catdir/enhancements/fy0631/2005042534-t.html">http://www.loc.gov/catdir/enhancements/fy0631/2005042534-t.html</a>
856 41 - ELECTRONIC LOCATION AND ACCESS
Materials specified Sample text
Uniform Resource Identifier <a href="http://www.loc.gov/catdir/enhancements/fy0641/2005042534-s.html">http://www.loc.gov/catdir/enhancements/fy0641/2005042534-s.html</a>
856 42 - ELECTRONIC LOCATION AND ACCESS
Materials specified Contributor biographical information
Uniform Resource Identifier <a href="http://www.loc.gov/catdir/enhancements/fy0903/2005042534-b.html">http://www.loc.gov/catdir/enhancements/fy0903/2005042534-b.html</a>
906 ## - LOCAL DATA ELEMENT F, LDF (RLIN)
a 7
b cbc
c orignew
d 1
e ocip
f 20
g y-gencatlg
942 ## - ADDED ENTRY ELEMENTS (KOHA)
Source of classification or shelving scheme
Koha item type Books
Holdings
Withdrawn status Lost status Source of classification or shelving scheme Damaged status Not for loan Permanent location Current location Date acquired Inventory number Total Checkouts Full call number Barcode Date last seen Price effective from Koha item type
          Ken Walker International University Ken Walker International University 02/11/2021 649   15 S-21 649 02/11/2021 02/11/2021 Books

Powered by Koha